000 00418nam a22001817a 4500
003 MPLRDC
005 20220104172714.0
008 210129b ||||| |||| 00| 0 eng d
082 _a544.386 BRO
100 _aMICHAEL BRODER
245 _aTHE ART OF LIVING SINGLE
_c
250 _a初版
260 _a
_bAVON BOOKS
_c1990
300 _b
490 _aAVON SELF HELP
650 _a
942 _cBK
_o544.386 BRO
999 _c59081
_d59071